000 01035nam a2200289 i 4500
001 000038821
003 DO-SdBNP
005 20231212131426.0
007 ta
008 130425s1991 dr 000 0 spa d
040 _aDO-SdBNP
_bspa
_cBNPHU
_erda
082 4 _a370.9729365
_bP419h
_222
100 1 _aPenzo Devers, Gregorio Elias
_945151
_eautor
245 0 0 _aHistoria de la educación de Samaná /
_cEliseo Demorizi...[et.al].
264 _a[Santo Domingo] :
_b[s.n.],
_c[1991?].
300 _a239 paginas ;
_c22 cm.
336 _2rdacontent
_atexto
_btxt
337 _2rdamedia
_asin mediación
_bn
338 _2rdacarrier
_avolumen
_bnc
500 _aObra dedicada a las glorias educativas de Samaná: Eliseo Demorizi, Angela del Rosario de Ray, Carmela Shepherd, Virginia Pou.
504 _aBibliografía: p.240
590 _aInventariado, 2022/MFF
650 4 _aEducación
_zRepública Dominicana
_zSamaná
_982494
700 1 _aDemorizi, Eliseo
_965114
910 _aValidado. Control de calidad MFF
942 _2ddc
_cLBS1
999 _c38311
_d38311